000
00266nam a22001097a 4500
008
160613b xxu||||| |||| 00| 0 eng d
020
_a
0763748358
041
_a
eng
080
_a
618.2
245
_a
Esentials of perioperative nursing:
_c
Cynthia Spry;
942
_2
udc
_c
BK
999
_c
2482
_d
2482